000 00483nam a2200169Ia 4500
999 _c13393
_d13393
003 OSt
005 20201021124215.0
008 190216s9999||||xx |||||||||||||| ||und||
040 _coclc
082 _a181.45
_bDAN/D
100 _aDandekar, S V
_95963
245 0 _aDnyanadeo /
_cDandekar S V
260 _bMaharashtra Information Centre ,
_c1985.
_aNew Delhi:
300 _a88p
650 _aEnglish Stories
942 _cBK
_2ddc
_h181.45
_iDAN/D
_k181.45
_mDAN/D